| 000 | 00476nab a2200205 a 4500 | ||
|---|---|---|---|
| 001 | 22947 | ||
| 003 | 73952 | ||
| 005 | 20201118100254.0 | ||
| 008 | ||||||n9999 ||| || || | ||
| 100 | _aMartÃnez Ortiz, Astrid | ||
| 245 | 0 | _aEditorial | |
| 300 | _app. 5-8 | ||
| 562 | _e0 | ||
| 650 | _aCOMENTARIO EDITORIAL | ||
| 650 | _aCREDITO BANCARIO | ||
| 650 | _aENCAJE | ||
| 650 | _aTASAS DE INTERES | ||
| 773 |
_022946 _aBanca & Finanzas - No.28 |
||
| 942 | _cSART | ||
| 999 |
_c22947 _d22947 |
||